Espacio y políticas ambientales (Record no. 8163)

MARC details
000 -LEADER
campo de control de longitud fija 00372nam a2200145Ia 4500
001 - NÚMERO DE CONTROL
campo de control 3792
008 - DATOS DE LONGITUD FIJA--INFORMACIÓN GENERAL
campo de control de longitud fija 241024s9999 xx 000 0 und d
020 ## - NÚMERO INTERNACIONAL ESTÁNDAR DEL LIBRO
Número Internacional Estándar del Libro 978-99934-58-90-6
082 ## - NÚMERO DE LA CLASIFICACIÓN DECIMAL DEWEY
Número de clasificación RD/577.72/C459e
100 ## - ENTRADA PRINCIPAL--NOMBRE DE PERSONA
Nombre de persona Amparo Chantada
245 #0 - MENCIÓN DEL TÍTULO
Título Espacio y políticas ambientales
260 ## - PUBLICACIÓN, DISTRIBUCIÓN, ETC.
Nombre del editor, distribuidor, etc. Editora Centenario
Fecha de publicación, distribución, etc. 2010
901 ## - ELEMENTOS DE DATOS A LOCAL LDA (RLIN)
a 10/7/2014 10:45:05 a.m.

No items available.

© 2024. Todos los Derechos Reservados. Desarrollado por IDEICE